00420nam a2200157Ia 45000010006000000050017000060080041000230410008000640820016000721000035000882450087001232600009002103000027002196500008002466540008002541704020260306170355.0260306t2018||||xx |||||||||||||| ||und|| aESP a657.42bV19 aValdiviezo Rosado, JoséeAUT 0aTratamiento contable y tributario de las mermas y desmedros, sobrantes y faltantes c2018 a46 páginas :c24 cm. aGEN aCCO